The hidden power of LOTUS 1-2-3 : using macros (Record no. 45511)

MARC details
000 -LEADER
fixed length control field 00707nam a2200181 a 4500
008 - FIXED-LENGTH DATA ELEMENTS--GENERAL INFORMATION
fixed length control field 060424s1984 ||||||||||||||||| || u
020 ## - INTERNATIONAL STANDARD BOOK NUMBER
International Standard Book Number 0893035173
050 ## - LIBRARY OF CONGRESS CALL NUMBER
Classification number HF5548.4.L67 Rid
100 ## - MAIN ENTRY--PERSONAL NAME
Personal name Williams, Mark M., 1948-
245 14 - TITLE STATEMENT
Title The hidden power of LOTUS 1-2-3 : using macros
260 ## - PUBLICATION, DISTRIBUTION, ETC.
Place of publication, distribution, etc. Bowie, MD :
Name of publisher, distributor, etc. Brady Communications Co
Date of publication, distribution, etc. 1984
300 ## - PHYSICAL DESCRIPTION
Extent xv, 283 p., [1] folded leaf of plates : ill.
350 ## - PRICE (NR) (BK AM CF MU VM SE) [OBSOLETE]
Price 0.00
650 ## - SUBJECT ADDED ENTRY--TOPICAL TERM
Topical term or geographic name entry element LOTUS 1-2-3 (COMPUTER FILE)
650 #0 - SUBJECT ADDED ENTRY--TOPICAL TERM
Topical term or geographic name entry element BUSINESS--COMPUTER PROGRAMS
700 ## - ADDED ENTRY--PERSONAL NAME
Personal name Ridington, Richard Warren
995 ## - RECOMMENDATION 995 [LOCAL, UNIMARC FRANCE]
-- 0.00
-- CBU-MAIN LIBRARY (Kitwe)
-- 1
-- 0.00
-- AVAILABLE
-- Annex Low-Usage Collection
Holdings
Withdrawn status Lost status Source of classification or shelving scheme Damaged status Not for loan Home library Current library Shelving location Date acquired Total Checkouts Full call number Barcode Date last seen Price effective from Koha item type
          CBU-MAIN LIBRARY, KITWE. CBU-MAIN LIBRARY, KITWE.   11/30/2022   HF5548.4.L67 Rid 005276 11/30/2022 11/30/2022 MONOGRAPH